01668nab a22002657a 4500999001500000003000400015005001700019008004100036040001100077100004200088245007500130260007300205300001500278500015400293505055600447505008901003650002001092650003101112650002001143650003301163650002701196650001501223773015101238942001301389 c5353d5353OSt20250225115137.0190603e xxum|||| |||| 00| 0 spa d cPJ-TDF 9982aFerrer, Francisco Alberto Magin.13aLas uniones de hecho y el derecho sucesorio /cFrancisco A. M. Ferrer. cCiudad Autónoma de Buenos Aires :aThomson Reuters La Ley, b2024. ap. 205-214 aCita: TR LALEY AR/DOC/1973/2024. Publicado en: R.C.C. y C. 2024 (Septiembre-Octubre). EDICIÓN ESPECIAL: XXIX Jornadas Nacionales de Derecho Civil. aSumario: I. Posicionamiento de la solidaridad y el vínculo afectivo como fuente de la vocación sucesoria.— II. Derecho sucesorio intestado de los integrantes de una pareja de hecho del mismo o diferente sexo, siempre que cumplan ciertos recaudos.— III. Legislación comparada.— IV. Tendencia legislativa en nuestra región.— V. Las uniones de hecho en el Cód. Civ. y Com.— VI. Beneficios a través de disposiciones testamentarias.— VII. Valoración de la solución del Cód. Civ. y Com.— VIII. Deuda pendiente del legislador. t¿Te interesa el texto completo? Solicitalo al correo: koha@justierradelfuego.gov.ar 09888aSUCESIONES 091080aVOCACION HEREDITARIA 09962aMATRIMONIO 091053aUNIONES CONVIVENCIALES 09234aDERECHO COMPARADO 0aTESTAMENTO0 0271393170dCiudad Autónoma de Buenos Aires : Thomson Reuters La Ley, 2015-tRevista Código Civil y Comercial. Nº 5 - Septiembre-Octubre 2024 2udccANA